00408 2200157 4500001002100000005001500021008004100036020001800077035001900095082001200114090001800126100002500144245002600169260003500195300002000230INLIS00000000000841720241224113639241224||||||||| | ||| |||| ||  a979-9109-49-3 0010-12240084170 a297.211 a297.211 JAI p0 aAbdul Qadir Djaelani00aPercikan Cahaya Ilahi aBandungbpustaka hidayahc2005 a447 hlm.; 24 cm